Schola nova, quo vadis? sborník recenzovaných příspěvků 3. ročníku mezinárodní vědecké konference
Guardado en:
| Autores Corporativos: | , , , |
|---|---|
| Otros Autores: | , |
| Formato: | Libro |
| Lenguaje: | checo eslovaco inglés |
| Publicado: |
Praha
Extrasystem
2018
|
| Edición: | 3. vydání |
| Colección: | Didaktika, pedagogika
34 |
| Materias: | |
| Etiquetas: |
Sin Etiquetas, Sea el primero en etiquetar este registro!
|
MARC
| LEADER | 00000nlm a2200000 4500 | ||
|---|---|---|---|
| 001 | 0249638 | ||
| 005 | 20240827073346.3 | ||
| 020 | |a 978–80–87570–40–1 | ||
| 041 | 0 | |a cze | |
| 041 | 0 | |a slo | |
| 041 | 0 | |a eng | |
| 044 | |a CZ | ||
| 245 | 1 | 0 | |a Schola nova, quo vadis? |b sborník recenzovaných příspěvků 3. ročníku mezinárodní vědecké konference |c editori elektronického vydania: Kateřina Berková, Katarína Krpálková Krelová |
| 250 | |a 3. vydání | ||
| 264 | 1 | |a Praha |b Extrasystem |c 2018 | |
| 300 | |a 214 s. | ||
| 490 | 1 | |a Didaktika, pedagogika |v 34 | |
| 830 | 0 | |a Didaktika, pedagogika |v 34 | |
| 610 | 2 | 0 | |a pedagogika |
| 610 | 2 | 0 | |a didaktika |
| 610 | 2 | 0 | |a vzdelávanie |
| 610 | 2 | 0 | |a vzdelanie odborné |
| 610 | 2 | 0 | |a Československo |
| 610 | 2 | 0 | |a Slovensko |
| 610 | 2 | 0 | |a Česko |
| 700 | 1 | |a Berková, Kateřina | |
| 700 | 1 | |a Krpálková Krelová, Katarína | |
| 110 | 2 | |a Schola nova, quo vadis?. Mezinárodní vědecké konference | |
| 710 | 2 | |a Vysoká škola obchodní v Praze | |
| 710 | 2 | |a Vysoká škola ekonomická v Praze. Fakulta financí a účetnictví | |
| 710 | 2 | |a Národohospodárska fakulta EU. Katedra pedagogiky | |